| 000 | 00598nam a22002177a 4500 | ||
|---|---|---|---|
| 003 | OSt | ||
| 005 | 20210421075705.0 | ||
| 008 | 210225s1952 ||||| |||| 00| 0 eng d | ||
| 020 | _a0449234932 | ||
| 040 |
_aeng _beng _cDLC |
||
| 041 | _aeng | ||
| 080 |
_a821.111 _bA-84 |
||
| 100 |
_9951 _aAsimov.Isaac |
||
| 245 |
_aDavid Starr: Space Ranger _c/ by: Fawcett Crest Book |
||
| 260 |
_aNew York _bFawcett Crest Book _c1952 |
||
| 300 | _a174 p. | ||
| 365 | _b1.50 usd | ||
| 650 | 0 |
_9254 _aEnglish literature |
|
| 653 | _aინგლისური ლიტერატურა | ||
| 942 |
_2udc _cBK |
||
| 999 |
_c1717 _d1717 |
||